|
|
|
|
| LEADER |
01387nam a2200289 u 4500 |
| 001 |
10055627 |
| 003 |
upatras |
| 005 |
20241213113432.0 |
| 008 |
051109s1983 gw ger d |
| 020 |
|
|
|a 3412106828
|
| 040 |
|
|
|a GR-PaULI
|b gre
|c GR-PaULI
|e AACR2
|
| 041 |
0 |
|
|a ger
|
| 082 |
0 |
4 |
|a 379.2
|
| 100 |
1 |
|
|a Kopp, Botho von
|e συγγραφέας
|9 48065
|
| 245 |
1 |
4 |
|a Die sozialistische Schule zwischen Lernen und Erziehen :
|b eine vergleichende Studie über den Erziehungsauftrag der Schule in der "entwickelten sozialistischen Gesellschaft" /
|c Botho von Kopp.
|
| 260 |
|
|
|a Köln :
|b Böhlau,
|c 1983.
|
| 300 |
|
|
|a viii, 213 σ. ;
|c 21 εκ.
|
| 490 |
1 |
|
|a Studien und Dokumentationen zur vergleichenden Bildungsforschung ;
|v 23
|
| 504 |
|
|
|a Περιλαμβάνει βιβλιογραφικές παραπομπές.
|
| 650 |
|
4 |
|a Εκπαίδευση και κράτος
|z Γερμανία
|9 47991
|
| 650 |
|
4 |
|a Σοσιαλισμός και εκπαίδευση
|9 48057
|
| 830 |
|
0 |
|a Studien und Dokumentationen zur vergleichenden Bildungsforschung
|9 200504
|v 23
|
| 852 |
|
|
|a GR-PaULI
|b ΠΑΤΡΑ
|b ΠΤΔΕ
|k ΑΣΧΞ
|h 379.2 KOP
|m 9336
|p 025000141368
|t 1
|
| 942 |
|
|
|2 ddc
|c BK15
|
| 952 |
|
|
|0 0
|1 0
|4 0
|6 379_200000000000000_KOP
|7 0
|9 50665
|a PTDE
|b PTDE
|d 2016-04-24
|i 9336
|l 0
|o 379.2 KOP
|p 025000141368
|r 2016-04-24 00:00:00
|t 1
|w 2016-04-24
|y BK15
|
| 998 |
|
|
|c ΤΣΕΝΕ
|d 2005-11
|
| 999 |
|
|
|c 32120
|d 32120
|